| 000 | 00740nam a2200217 i 4500 | ||
|---|---|---|---|
| 001 | 141423 | ||
| 003 | ES-MaACL | ||
| 005 | 20230906200306.0 | ||
| 007 | t| | ||
| 008 | 070924s1925 fr ||||1| fre d | ||
| 100 | 1 |
_aVillate, Robert. _9115164 |
|
| 245 | 1 | 4 |
_aLes conditions géographiques de la guerre : _bétude de geographie militaire sur le front français de 1914 a 1918 / _cRobert Villate. |
| 260 |
_aParis : _bPayot, _c1925. |
||
| 300 |
_a334 p. : _bil. ; _c25 cm. |
||
| 490 | 1 | _aBibliotheque geographique | |
| 650 | 0 | 4 |
_aGuerra mundial, 1914-1918- _zFrancia. _913219 |
| 651 |
_aFrancia- _xGeografía militar. _9137175 |
||
| 830 | 1 |
_aBibliotheque geographique _9183829 |
|
| 852 |
_aES-MaACL _jA-2485 |
||
| 999 |
_c141423 _d141423 |
||